000
00302nam a2200121Ia 4500
008
191201s2007 xx 000 0 und d
100
_a
SILBERSCHATZ, Abraham
245
0
_a
Operating System Principles
260
_a
N. delhi
_b
Wiley India
_c
2007
300
_a
896
650
_a
B.Tech(CSE)
942
_2
ddc
_c
BK
999
_c
334
_d
334